New architecture on indigenous lands

Saved in:
Bibliographic Details
Main Author: MALNAR, Joy Monice
Format: Book
Language:English
Published: University of Minnesota Press 2013
Tags: Add Tag
No Tags, Be the first to tag this record!

MARC

LEADER 00000nam a22000007a 4500
008 210125b ||||| |||| 00| 0 eng d
020 |a 978-0-8166-7745-0 
100 |a MALNAR, Joy Monice 
245 |a New architecture on indigenous lands  |c Joy Monice Malnar and Frank Vodvarka.  |g xi, 259p; ill.  
260 |b University of Minnesota Press  |c 2013  |h Minneapolis M.N.  |i 687080  |i 687081  |l NA 2543 .A58M31  |m Architecture and anthropology - United States - History - 2019 century.  |m Architecture and anthropology - United States - History - 21st century  |m Architecture and society - United States - History - 20th century  |m Architecture and society - United States - History - 20th century  |m Indian architecture - United States.  |m Indian reservations - United States.  
942 |a lcc  |c BK  |e Ogunmilade F.T.  |f 25/1/2021 
952 |0 0  |1 0  |2 lcc  |4 0  |6 NA2543 A58 M31  |7 0  |9 1663  |a HOL  |b EDM  |c LP  |d 2021-01-25  |l 0  |o NA 2543 .A58M31  |p 2021-0449  |r 2021-01-25 00:00:00  |w 2021-01-25  |y BK 
952 |0 0  |1 0  |2 lcc  |4 0  |6 NA2543 A58 M31  |7 0  |9 1664  |a HOL  |b HOL  |c LP  |d 2021-01-25  |l 0  |o NA 2543 .A58M31  |p 2021-0450  |r 2021-01-25 00:00:00  |w 2021-01-25  |y BK 
999 |c 884  |d 884